Statistiques concernant Les dates les plus importantes 3

Cliquez ici pour prendre le quiz!

Statistiques générales

  • Ce quiz a été pris 472 fois
  • Le résultat moyen est 37 sur 39

Statistiques - réponses

Ce qu'il s'est passéDates% Correct
Début de la Première guerre mondiale1914
99%
Fin de la première guerre mondiale1918
99%
Bataille de Verdun1916
98%
Entrée en guerre des Etats-Unis1917
98%
Signature du traité de Versailles1919
98%
Seconde Famine en URSS1933
97%
Election d'Hitler comme chancelier d'Allemagne1933
97%
Début de la seconde guerre Mondiale1939
97%
L'Allemagne envahit la Pologne1939
97%
Le Royaume-Uni et la France déclarent la guerre a l'Allemagne1939
97%
Appel du Général de Gaulle a Londres1940
97%
Conférence de Yalta1945
97%
Fin de la Seconde Guerre mondiale1945
97%
Bombe Atomique a Hiroshima et Nagasaki1945
97%
Capitulation Allemande1945
97%
Capitulation Japonaise1945
97%
Débarquement de Normandie1944
96%
Début de la crise économique aux Etats-Unis1929
94%
Attaque Japonaise de Pearl Harbor1942
94%
Attentat contre Charlie Hebdo2015
94%
Neil Armstrong est le premier homme a marcher sur la Lune1969
93%
Grande Famine dans l'est de l'Europe1921
92%
Début de la Guerre Froide1947
92%
Chute de L'URSS1991
92%
Fin de la Guerre Froide1991
92%
Attentats du WTC2001
92%
Le robot Curiosity est lancé avec succès et commence a explorer Mars2012
92%
François Hollande est élu président de la République Française (malheureusement)2012
92%
Attentat a Nice2016
92%
Fondation de L'URSS1922
91%
Traité de Maastricht1992
91%
Barack Obama devient le premier président noir d'amérique2008
91%
Oussama Ben Laden est abattu2011
91%
Crise de Cuba1962
90%
Décès de Nelson Mandela2013
90%
Début de la Guerre de Corée1950
89%
Fin de la Guerre de Corée1953
89%
La Chine devient la première puissance économique mondiale2014
88%
Application du traité de Maastricht2002
76%

Distribution des résultats

Percentile par nombre de réponses

% des personnes avec chaque résultat

Votre développement - résultats

Vous n’avez pas pris ce quiz